|
|
|
|
| LEADER |
00964nam a2200277 a 4500 |
| 001 |
3327 |
| 003 |
BD-DhAAL |
| 005 |
20150625112305.0 |
| 008 |
150625s1992 nyua b 001 0 eng |
| 010 |
|
|
|a 91067937
|
| 020 |
|
|
|a 0070375755
|
| 040 |
|
|
|a DLC
|c DLC
|d BD-DhAAL
|
| 050 |
0 |
0 |
|a RA776
|b .L656 1992
|
| 082 |
0 |
0 |
|a 613
|2 20
|
| 100 |
1 |
|
|a Levy, Marvin R.
|9 12439
|
| 245 |
1 |
0 |
|a Targeting wellness :
|b the core /
|c Marvin R. Levy, Mark Dignan, Janet H. Shirreffs.
|
| 260 |
|
|
|a New York :
|b McGraw-Hill,
|c c1992.
|
| 300 |
|
|
|a xiv, 369 p. :
|b ill. ;
|c 26 cm.
|
| 504 |
|
|
|a Includes bibliographical references (p. 333-345) and index.
|
| 541 |
|
|
|e 3327
|
| 650 |
|
0 |
|a Health.
|9 12440
|
| 700 |
1 |
|
|a Dignan, Mark B.
|9 12441
|
| 700 |
1 |
|
|a Shirreffs, Janet H.
|9 12442
|
| 942 |
|
|
|2 ddc
|c BK
|
| 999 |
|
|
|c 34834
|d 34834
|
| 952 |
|
|
|0 0
|1 0
|2 ddc
|4 0
|6 613_000000000000000_LEV
|7 0
|9 54510
|a SCL
|b SCL
|c GEN
|d 2015-06-25
|e Gift: The Asia Foundation
|l 0
|o 613 LEV
|p 3020003327
|r 2015-06-25
|t 1
|w 2015-06-25
|y BK
|